• 首页
  • 本馆介绍
  • 公告通知
  • 最新文献
  • 馆藏检索
  • 电子资源
  • 读者导购
  • 参考咨询
  • 我的图书馆
  • 登录
  • 详细信息显示
  • 放入我的书架
  • 预约/预借图书
  • 作者相关作品
  • 分类相关作品
  • 丛书相关作品
  • 出版社相关作品

书目信息

  • 表格格式
  • 工作单格式
  • 卡片格式
书名: Choosing the president--1992
作者: The League of Women Voters of California Education Fund.
分册号:
分册名:
出版地: New York, NY :
 
出版社: Lyons & Burford
出版时间: c1992.
页数: vi, 138 p. ;
开本: 21 cm.
丛书名:
中图分类号:
科图分类号:
其他分类号: D771.224
主题词:
电子资源:
000 01077pam a2200289 a 450
001 E0755868912
005 20070422153233.03
008 911223s1992 nyu b 001 0 eng
010    @a91047912
020    @a1558211691 (pbk.).
020    @a1558211713.
035    @A(DLC) 91047912
040    @aDLC@cDLC@dDLC
043    @an-us---
050 00 @aJK526@b1992b
082 00 @a324.973/0928@2 20
090    @aD771.224
099    @dD771.224@ex51
245 00 @aChoosing the president--1992 / @cThe League of Women Voters of California Education Fund.
260    @aNew York, NY :@bLyons & Burford,@cc1992.
300    @avi, 138 p. ;@c21 cm.
504    @aIncludes bibliographical references (p. 130-134) and index.
650  0 @aPresidents@zUnited States@xElection@y1992.
710 2  @aLeague of Women Voters of California.@bEducation Fund.
906    @a7@bcbc@corignew@d1@eocip@f19@gy-gencatlg
955    @apc20 RUSH to bt00 12-23-91; bd65 to SCD 12-23-91; fe07 12-24-91; fm38 12-30-91; cip ver. sd06 02-05-96/sd08 02-07-96
991    @bc-GenColl@hJK526@i1992b@tCopy 1@wBOOKS
    
    Choosing the president--1992 / / The League of Women Voters of California Education Fund.-New York, NY : : Lyons & Burford, , c1992.
    vi, 138 p. ; ; 21 cm.
    Includes bibliographical references (p. 130-134) and index.
    
    ISBN 1558211691 (pbk.).
    
●
相关链接 在E读中查询图书 在五车中查询图书 在当当中查询图书 在豆瓣中查询图书


正题名:Choosing the president--1992     索取号:D771.224/x51         预约/预借

序号 登录号 条形码 馆藏地/架位号 状态 备注
1 0004543   300045430   第二样本阅览室/ [索取号:D771.224/x51] 在馆    
唐山师范学院图书馆 欢迎您!
大连网信软件有限公司© 版权所有